Normal view MARC view

Entry Topical Term

Number of records used in: 1

001 - CONTROL NUMBER

  • control field: 55028

003 - CONTROL NUMBER IDENTIFIER

  • control field: OSt

005 - DATE AND TIME OF LATEST TRANSACTION

  • control field: 20241011104011.0

008 - FIXED-LENGTH DATA ELEMENTS

  • fixed length control field: 241011|| aca||aabn | a|a d

040 ## - CATALOGING SOURCE

  • Original cataloging agency: OSt
  • Transcribing agency: OSt

150 ## - HEADING--TOPICAL TERM

  • Topical term or geographic name entry element: ရွှေတိဂုံစေတီတေ်
  • Form subdivision: သမိုင်း

670 ## - SOURCE DATA FOUND

  • Source citation: Work cat.: (OSt)16810: ရွှေတိဂုံစေတီတော်စေတိယင်္ဂဏပရိယတ္တိဓမ္မာနုဂ္ဂလဟစာလျှောက်မေးပွဲ နှစ်(၁၀၀)ပြည့် စေတိယင်္ဂဏမှတ်တမ်း။, ၂၀၁၈။

Library - 09407999929
Admin Office - 09407999979
Dean Office - 09250910768
Registrar Office - 09892297154
Email - [email protected]
Shan State Buddhist University, Phaya Phyu Taunggyi, Shan State, Myanmar.